5 Risposte in 15 Secondi: Capitali Europee - Statistics

Statistiche generali
  • Questo quiz è stato fatto 161 volte
  • Il punteggio medio è 4 su 5
Statistiche sulle risposte
Stato Capitale % Corretto
Germania Berlino
100%
Irlanda Dublino
100%
Finlandia Helsinki
100%
Ucraina Kiev
100%
Portogallo Lisbona
100%
Spagna Madrid
100%
Norvegia Oslo
100%
Lettonia Riga
100%
Regno Unito Londra
92%
Albania Tirana
92%
Croazia Zagabria
92%
Ungheria Budapest
91%
Liechtenstein Vaduz
91%
Andorra Andorra la Vella
88%
Repubblica Ceca Praga
88%
San Marino San Marino
88%
Danimarca Copenaghen
86%
Bulgaria Sofia
85%
Francia Parigi
83%
Bosnia ed Erzegovina Sarajevo
83%
Austria Vienna
83%
Romania Bucarest
82%
Italia Roma
82%
Città del Vaticano Città del Vaticano
81%
Lussemburgo Lussemburgo
81%
Estonia Tallinn
81%
Svezia Stoccolma
80%
Malta La Valletta
78%
Grecia Atene
75%
Polonia Varsavia
75%
Paesi Bassi Amsterdam
71%
Belgio Bruxelles
71%
Cipro Nicosia
71%
Svizzera Berna
70%
Slovenia Lubiana
67%
Serbia Belgrado
64%
Slovacchia Bratislava
64%
Monaco Monaco
62%
Montenegro Podgorica
60%
Bielorussia Minsk
57%
Lituania Vilnius
57%
Kosovo Pristina
56%
Islanda Reykjavik
56%
Moldavia Chisinau
50%
Nessun quiz corrispondente trovato
Distribuzione punteggi
Percentuale di utenti per punteggio
Percentile per numero di risposta
I tuoi punteggi nel tempo
Non hai fatto questo quiz